LEADER 01660nam0 22004093i 450 001 VAN0268078 005 20240228035534.922 017 70$2N$a9781461299387 100 $a20231129d1977 |0itac50 ba 101 $aeng 102 $aUS 105 $a|||| ||||| 200 1 $aFORTRAN Programming$eA Supplement for Calculus Courses$fWilliam R. Fuller 210 $aNew York$cSpringer$d1977 215 $axii, 148 p.$cill.$d24 cm 410 1$1001VAN0024506$12001 $aUniversitext$1210 $aBerlin [etc]$cSpringer$d1930- 606 $a68-XX$xComputer science [MSC 2020]$3VANC019670$2MF 606 $a65-XX$xNumerical analysis [MSC 2020]$3VANC019772$2MF 606 $a26-XX$xReal functions [MSC 2020]$3VANC019778$2MF 606 $a68Nxx$xTheory of software [MSC 2020]$3VANC027772$2MF 610 $aAlgorithms$9KW:K 610 $aCalculus$9KW:K 610 $aComputer$9KW:K 610 $aControl$9KW:K 610 $aFortran$9KW:K 610 $aProgramming$9KW:K 620 $aUS$dNew York$3VANL000011 700 1$aFuller$bWilliam R.$3VANV220289$0244956 712 $aSpringer $3VANV108073$4650 801 $aIT$bSOL$c20240614$gRICA 856 4 $uhttps://doi.org/10.1007/978-1-4612-9938-7$zE-book ? Accesso al full-text attraverso riconoscimento IP di Ateneo, proxy e/o Shibboleth 899 $aBIBLIOTECA DEL DIPARTIMENTO DI MATEMATICA E FISICA$1IT-CE0120$2VAN08 912 $fN 912 $aVAN0268078 950 $aBIBLIOTECA DEL DIPARTIMENTO DI MATEMATICA E FISICA$d08CONS e-book 7371 $e08eMF7371 20231204 996 $aFORTRAN Programming$93597417 997 $aUNICAMPANIA LEADER 01115nam0 22002771i 450 001 VAN00017432 005 20250121095039.230 100 $a20040608d1996 |0itac50 ba 101 $aita 102 $aIT 105 $a|||| ||||| 181 $ai$b e 182 $an 200 1 $aAnnuario immobiliare 1996$elegislazione aggiornata, giurisprudenza, istruzioni, formule contrattuali e operative, valori immobiliari, schede finanziarie e statistiche, glossario$fFrancesco Tamborrino 205 $a8. ed 210 $aMilano$cPirola$d1996 215 $av.$d24 cm 620 $dMilano$3VANL000284 700 1$aTamborrino$bFrancesco$3VANV000447$09567 712 $aPirola $3VANV107884$4650 801 $aIT$bSOL$c20250124$gRICA 899 $aBIBLIOTECA DEL DIPARTIMENTO DI ARCHITETTURA E DISEGNO INDUSTRIALE$1IT-CE0107$2VAN01 912 $aVAN00017432 950 $aBIBLIOTECA DEL DIPARTIMENTO DI ARCHITETTURA E DISEGNO INDUSTRIALE$d01PREST IIEb8 $e01 1430 20051012 996 $aAnnuario immobiliare 1996$91428748 997 $aUNICAMPANIA LEADER 01818nam0 22003853i 450 001 VAN00269849 005 20250725114602.196 017 70$2N$a9783031215728 100 $a20240119d2023 |0itac50 ba 101 $aeng 102 $aCH 105 $a|||| ||||| 181 $ai$b e 182 $ab 183 $acr 200 1 $aPhysics and Mechanics of New Materials and Their Applications$eProceedings of the International Conference PHENMA 2020$feditors Ivan A. Parinov ... [et al.] 210 $aCham$cSpringer$d2023 215 $aXXIV, 601 p.$c75 b/w illustrations, 196 illustrations in colour$d24 cm 410 1$1001VAN00126579$12001 $aSpringer Proceedings in Materials$1210 $aCham$cSpringer$d2019-$v20 620 $aCH$dCham$3VANL001889 676 $a530.4175$cFilm sottili$v22 676 $a621.48332$cMateriali strutturali$v22 702 1$aParinov$bIvan A.$3VANV106694 712 $aSpringer $3VANV108073$4650 790 1$aParinov, I. A.$zParinov, Ivan A.$3VANV201133 790 1$aParinov, I.A.$zParinov, Ivan A.$3VANV201134 790 1$aParinov, Ivan Anatol'evi?$zParinov, Ivan A.$3VANV235020 801 $aIT$bSOL$c20250801$gRICA 856 4 $uhttps://link.springer.com/book/10.1007/978-3-030-76481-4$zE-book - Accesso al full-text attraverso riconoscimento IP di Ateneo, proxy e/o Shibboleth 899 $aBIBLIOTECA DEL DIPARTIMENTO DI SCIENZE E TECNOLOGIE AMBIENTALI BIOLOGICHE E FARMACEUTICHE$1IT-CE0101$2VAN17 912 $fN 912 $aVAN00269849 950 $aBIBLIOTECA DEL DIPARTIMENTO DI SCIENZE E TECNOLOGIE AMBIENTALI BIOLOGICHE E FARMACEUTICHE$d17CONS e-book 2305 $e17BIB2308/70 70 20240119 996 $aPhysics and Mechanics of New Materials and Their Applications$92031405 997 $aUNICAMPANIA